| 000 | 00000nam##2200000za#4500 |
| 001 | 9.572293 |
| 003 | CaOODSP |
| 005 | 20210624183140 |
| 007 | cr ||||||||||| |
| 008 | 150406|2002||||xxc|||||o f|0| 0 eng|d |
| 040 | |aCaOODSP|beng |
| 043 | |an-cn--- |
| 086 | 1 |aNH18-22/102-101E-PDF |
| 110 | 2 |aCanada Mortgage and Housing Corporation. |
| 245 | 10|aHealthy high-rise : |h[electronic resource]|ba guide to innovation in the design and construction of high-rise residential buildings |
| 260 | |aOttawa - Ontario : |bCanada Mortgage and Housing Corporation |c[2002]. |
| 300 | |a6p.|bfigs., photographs |
| 490 | 1 |aResearch highlight. Technical series|v02-101 |
| 590 | |a11-29-Supp|b2011-11-25 |
| 690 | 07|aConstruction industry|2gcpds |
| 690 | 07|aHealth|2gcpds |
| 690 | 07|aHousing|2gcpds |
| 775 | 08|tLes tours d'habitation saines : |w(CaOODSP)9.602671 |
| 776 | 0#|tHealthy high-rise: a guide to innovation in the design and construction of high-rise residential buildings |w(CaOODSP)9.616004 |
| 830 | #0|aResearch highlight. Technical series ;|v02-101|w(CaOODSP)9.504482 |
| 856 | 40|ahttp://publications.gc.ca|qPDF|s596 KB|uhttps://publications.gc.ca/collections/Collection/NH18-22-102-101E.pdf|y02-101 |
| 986 | |a62876 |